[Event "RUS-chT 12th"]
[Site "Sochi"]
[Date "2005.04.28"]
[Round "10"]
[White "Filippov, Valerij"]
[Black "Frolyanov, Dmitry"]
[Result "1-0"]
[WhiteElo "2621"]
[BlackElo "2505"]
[Annotator "Ribli,Z"]
[PlyCount "87"]
[EventDate "2005.04.19"]
[EventType "team-tourn"]
[EventRounds "11"]
[EventCountry "RUS"]
[SourceTitle "EXT 2020"]
[Source "ChessBase"]
[SourceDate "2019.10.17"]
[SourceVersion "1"]
[SourceVersionDate "2019.10.17"]
[SourceQuality "1"]
[WhiteTeam "Kazan Ladya"]
[BlackTeam "Togliatti Lada"]
[WhiteTeamCountry "RUS"]
[BlackTeamCountry "RUS"]

1. Nf3 d5 2. d4 e6 3. c4 c6 4. Qc2 Nf6 5. g3 Nbd7 6. Bg2 Be7 7. O-O O-O {
Mit Zugumstellung ist die Grundstellung der geschlossene Variante der
Katalanischen Verteidigung erreicht.} 8. Nbd2 {Das ist eine bevorzugte
Variante von Weiß; die Idee des Textzuges besteht darin, im Anschluss e2-e4 zu
ziehen. Die übliche Fortsetzung 8.b3 b6 9.Rd1 erlaubt Weiß, den Springer auf
d2 oder auf c3 zu positionieren, abhängig vom schwarzen Spiel.} b6 9. e4 (9. b3
Bb7 10. e4 Rc8 $11) 9... Bb7 10. e5 Ne8 11. cxd5 cxd5 12. Re1 {[%cal Gd2f1,
Gc1f4] Mit diesem Zug möchte Weiß die Stellung seines Springers auf d2
verbessern, um seinen schwarzfeldrigen Läufer zu entwickeln.} Ba6 (12... Rc8
13. Qa4 (13. Qd1 Qc7 14. Bf1 Qc2 15. Qxc2 Rxc2 16. Bd3 Rc8 $11) 13... a5 (13...
Nc7 14. Bf1 a5 15. Bd3 Ba6 16. Bb1 Nb5 17. Qb3 Nb8 18. Nf1 Rc4 19. Qd3 g6 20.
Bh6 Rb4 21. Qd1 Rxb2 22. Bxf8 Qxf8 23. Bd3 {1-0 Avrukh,B-Filippov,V/Halkidiki
2002/(36)}) 14. Bf1 Nb8 15. Bd3 Ba6 16. Bb1 Nc6 17. Nf1 Bb4 18. Bd2 f5 19. Qd1
Be7 20. h4 $14 {1-0 Filippov,V-Portisch,L/Halkidiki 2002/(54)}) 13. Nf1 Rc8 14.
Qd1 Nc7 $146 {Eine theoretische Neuerung, aber nicht die beste Möglichkeit für
Schwarz. Auch wenn es verständlich ist, dass Schwarz die Schwerfiguren auf der
Grundlinie verbinden möchte,so entfernt sich der Springer zu weit vom
Königsflügel. Nach meiner Meinung wäre es besser zuerst den Springer auf d7
mit 14...Nb8 zu verbessern.} (14... Nb8 15. h4 h6 (15... Qc7 16. Ne3 (16. Ng5
Qc2 17. Qg4 Nc6) 16... Nc6 17. a3 Na5 18. Bf1 (18. h5 h6 19. Bd2 Nc4 20. Nxc4
Bxc4) 18... Bxf1 19. Rxf1 Qd7 20. Kg2 Nc7 21. Ng5 f6 22. exf6 gxf6 23. Nh3 Bd6
24. Ng4 {0-1 Mandekic,I-Tratar,M/Zadar 2004 (59)}) 16. h5 Nc6 17. a3 b5 18.
N1d2 b4 19. a4 Qb6 20. Nb3 Bc4 21. Be3 Bxb3 22. Qxb3 Na5 23. Qd3 b3 {1/2-1/2
Cuenca Jimenez,J-Braun,A/Halkidiki 2003/(48)}) 15. h4 {Die weiße Spielweise,
die Bauern auf d4-e5 und der Plan h2-h4 und später Nh2-Ng4 ziehen zu wollen,
erinnern mich an den Königsindischen Angriff. Weiß verfügt über Raumvorteil
und Initiative am Königsflügel, aber die schwarze Stellung ist stabil.} h6 16.
h5 Nb8 (16... Qe8 17. Ne3 Nb8 18. Ng4 $14) 17. Ne3 Nc6 18. Ng4 Re8 {[%cal
Ge7f8] Schwarz möchte seine Königsstellung mit 19...Bf8 und 20...Ne7
verteidigen. aber Weiß ist schneller.} {[#]} 19. Bxh6 $5 {[%mdl 512] Ein
interessantes Läuferopfer; Weiß nutzt den Umstand aus, dass sich die
Figurenmajoritaet von Schwarz weit weg vom Königsflügel befindet.} gxh6 20. Rc1
Nb8 (20... Nb4 21. Qd2 $1 Rf8 (21... Nd3 $2 22. Qxh6 Rf8 23. Rxc7 $1 $18 {
[%cal Rg4f6,Rf6g8]}) 22. Qxh6 Ne8 23. Rxc8 Bxc8 24. a3 Nd3 25. Rb1 Ba6 26. Bf1
$18 {[%csl Rd3] Der d3N steht ganz schlecht.}) 21. Qd2 $1 $44 {[%csl Rh6][%cal
Rd2h6]} Nd7 (21... Bg5 $2 22. Nxg5 hxg5 (22... Qxg5 23. Nxh6+ $18) 23. Nf6+ $18
) 22. Nxh6+ Kg7 23. g4 {[%cal Gg4g5] Weiß hat starken Angriff am Königsflügel,
weil die schwarze Figurenkoordination nicht harmonisch ist.} Rh8 24. g5 Qf8 25.
Qf4 Bc4 (25... Rxh6 26. gxh6+ Kh8 27. Ng5 $40) 26. b3 $6 (26. Nd2 $1 Bb5 27.
Re3 $36) 26... Bd3 27. Ng4 Kg8 (27... Rxh5 $2 28. Nf6 Nxf6 29. gxf6+ Kh7 30.
fxe7 Qxe7 31. Re3 Bf5 32. Rec3 $16) 28. Rc3 $2 (28. Nh6+) 28... Bb4 $2 {
Schwarz möchte Material zurückgeben, aber nun fehlt der Läufer zur
Verteidigung des schwarzen Königsflügel.} (28... Bf5 $142 $1 29. Rec1 Ba3 $1
30. Rxc7 Bxc1 31. Qxc1 Rxc7 32. Qxc7 Bxg4 33. Qxd7 Rxh5 $17) 29. Rxd3 Bxe1 30.
Nxe1 $16 {Materiell steht Weiß gut - er hat zwei Bauern für die Qualität und
starken Angriff.} Rxh5 31. Nh6+ Kh7 32. Rg3 Ne8 33. Bf1 $18 {[%csl Gf1,Rh7]
[%cal Rf1d3,Rd3h7][%mdl 128] Auf d3 entscheidet der weiße Läufer die Partie.}
Ng7 34. Bd3+ Kh8 35. Nxf7+ Kg8 36. Nh6+ (36. Bg6 $18) 36... Kh8 37. Nf7+ Kg8
38. Bg6 Qe7 39. Nh6+ Kh8 40. Qf7 $1 (40. Bxh5 Nxh5 41. Qf7 Qxf7 42. Nxf7+ Kg7
43. Rf3 Rf8 44. Nd6 $18) 40... Qxf7 41. Nxf7+ Kg8 42. Nh6+ Kh8 43. Bxh5 Nxh5
44. Rf3 1-0

[Event "Sigeman & Co 12th"]
[Site "Malmo/Copenhagen"]
[Date "2004.05.02"]
[Round "3"]
[White "Hansen, Curt"]
[Black "Agrest, Evgenij"]
[Result "1-0"]
[WhiteElo "2635"]
[BlackElo "2601"]
[Annotator "Ribli,Z"]
[PlyCount "159"]
[EventDate "2004.04.30"]
[EventType "tourn"]
[EventRounds "9"]
[EventCountry "SWE"]
[EventCategory "13"]
[SourceTitle "CBM 101"]
[Source "ChessBase"]
[SourceDate "2004.07.27"]
[SourceVersion "1"]
[SourceVersionDate "2004.07.27"]
[SourceQuality "1"]

1. d4 Nf6 2. c4 e6 3. Nf3 d5 4. g3 Be7 5. Bg2 O-O 6. O-O Nbd7 7. Qc2 c6 8. Nbd2
b6 9. e4 Bb7 {Schwarz hat keine Angst vor e4-e5, er möchte die Entwicklung des
Damenflügels beenden.} (9... dxe4 10. Nxe4 $14) 10. b3 Rc8 11. e5 (11. Bb2 c5 (
11... Qc7) 12. exd5 exd5 13. dxc5 dxc4 14. Nxc4 b5 15. Nce5 Rxc5 $11) 11... Ne8
12. Bb2 {Weiß muss den Läufer auf b2 entwickeln, aber die Diagonale a1-h8 ist
geschlossen.} Nc7 {Das ist ein bekanntes Springermanöver, aber das sofortige
12...c5 ist auch logisch.} 13. Rac1 c5 14. Rfd1 (14. Qb1 Ba6 $5 {[%cal Ya6f1]}
15. Rfd1 b5 16. cxd5 Nxd5 17. dxc5 Nxc5 {[%csl Gc5,Gd5]} 18. Nd4 Bg5 $1 {
[%cal Rg5c1]} 19. f4 Be7 20. Ne4 Qb6 $15 {[%cal Rb6g1,Yd5e3,Ye3d1,Ye3g2] 0-1
Prokhorov,A-Beshukov,S/Perm 1997/CBM 58/[Ribli] (30)}) 14... Qe8 {Schwarz
möchte nicht 14...cxd4 ziehen, wonach Weiß 15.Nxd4 antworten kann, und im
Falle von 14...dxc4 wird der d2N aktiv nach 15.Nxc4. Mit dem Damezug vermeidet
Schwarz die Motive auf der d-Linie.} (14... a5 15. h4 h6 16. Qd3 cxd4 17. Qe2
dxc4 18. Nxc4 Nd5 19. Nxd4 Nc5 20. Nb5 {1-0 Teske,H-Mueller,M/Germany 2001/EXT
2003 (32)}) (14... cxd4 15. Nxd4 Bc5 (15... Nxe5 16. Nxe6 fxe6 17. Bxe5 Qe8 18.
f4 Na6 19. Qb1 Qh5 20. Nf1 Nc5 {1/2-1/2 Turauskiene,R-Georgieva,L/Plovdiv 2003/
CBM 96 ext (42)}) 16. f4 Qe7 17. N2f3 Rfd8 18. Kh1 dxc4 19. Ng5 Bxg2+ 20. Kxg2
Nf8 21. Nc6 {1-0 Hertneck,G-Galkin,A/Saint Vincent 2000/CBM 78 (43)}) 15. Qd3
$11 {Weiß hat Raumvorteil im Zentrum, aber es gibt keine Schwächen in der
schwarzen Stellung, so sind die Chancen ungefähr gleich. Mit dem Textzug
möchte Weiß seine Damenstellung verbessern.} Ba6 $6 {[%cal Ga6d3] Dieser Zug
gefällt mir nicht, der schwarze Läufer verlässt von selbst die gute große
Diagonale.} (15... f5 $5 $13) 16. Qe3 Nb8 {[%cal Gb8c6] Schwarz möchte seine
Springerstellung verbessern, aber dieser Zug scheint mir ein wenig zu langsam.}
(16... Bb7 $5) 17. dxc5 Bxc5 (17... bxc5 18. Ne1 $14 {[%cal Ge1d3]}) 18. Qg5
$14 {[%csl Gg5] Die weiße Dame steht aktiv am Königsflügel, während Schwarz
einige Probleme mit der Figurenkoordination hat.} Nc6 19. a3 {[%cal Gb3b4]
[%mdl 4] Weiß möchte am Damenflügel mit 20.b4 Raum gewinnen.} Be7 20. Qg4 Kh8 (
20... f5 21. exf6 Bxf6 22. Bxf6 Rxf6 23. b4 $14) 21. b4 {Droht jetzt 22.b5.}
Bb7 (21... dxc4 22. Nxc4 Bxc4 (22... Nd5 23. Nd6 Bxd6 24. exd6 $18 {[%cal
Rb2h8,Rg4g7]}) 23. Rxc4 $16) 22. cxd5 exd5 {Nun wir der d5P schwach, aber auf
diese Weise verhindert Schwarz die Möglichkeiten Ne4 und Nc4.} (22... Nxd5 23.
Ne4 $16 {[%cal Ge4d6,Ge4g5]}) 23. Nf1 {[%cal Gf1e3,Ge3d5,Ge3f5]} f5 $8 24. exf6
Bxf6 25. Bxf6 Rxf6 26. Ne3 {[%csl Rd5] Weiß hat eine gesunde Bauernstruktur,
aber der schwarze d5P ist schwach.} Rd8 27. Nd4 {[%csl Gd4] Es ist immer
wichtig mit dem Springer das Feld vor den isolierten Bauern zu besetzen.} Ne5 (
27... Nxd4 $4 28. Rxc7 $18) 28. Qe2 Ba6 $1 {Endlich findet Schwarz einen
aktiven Plan, er kann auf c4 eine Figur platzieren.} (28... Ne6 29. Nxe6 Rxe6 (
29... Qxe6 30. Nxd5 $18) 30. Bxd5 Bxd5 31. Rxd5 $16) 29. Qb2 Nc4 30. Nxc4 Bxc4
{[%csl Gc4]} (30... dxc4) 31. Re1 {Schwarz hat einige Aktivität, aber Weiß
steht immer besser, denn er hat gutes Figurenspiel und die Schwächung des
d5-Bauern muss sich früher oder später zeigen.} Qf7 32. Re5 {[%cal Gc1e1,Ge1e8]
} Ne6 (32... Rf8 33. f4 $14) 33. Rce1 Nxd4 34. Qxd4 {[%cal Re5e7,Re7f7,Re7a7]
Jetzt droht 35.Re7 mit Bauerngewinn.} a5 35. h4 axb4 36. axb4 Rf8 (36... h6 $14
) 37. f4 h6 $2 {Schwarz gibt seinen d5-Bauern zu früh.} (37... Rd8 38. Kh2 $14)
38. Bxd5 Qg6 (38... Bxd5 39. Rxd5 $16) 39. Kh2 (39. Qxc4 $4 Qxg3+ 40. Kh1 (40.
Bg2 Rxf4 41. R5e4 Qf2+ 42. Kh1 Qxh4+ 43. Kg1 Qxe1+ $19) 40... Rxf4 $19) 39...
Bxd5 40. Rxd5 $16 {[%mdl 4096] Weiß hat einen Bauern mehr, aber das Material
ist reduziert und mit Schwerfiguren auf dem Brett ist es sehr schwer den
Vorteil zu verwerten.} Rc6 (40... Kh7) 41. f5 Rc2+ (41... Rxf5 42. Rd8+ Kh7 43.
Ree8 Qh5 44. Qe4 Rcf6 45. Rh8+ Kg6 46. Qe8+ Rf7 47. Rd6+ R5f6 48. Rf8 $18) (
41... Qf6 $142 $5) 42. Kh3 Qf7 (42... Qf6 43. Qxf6 Rxf6 44. Re8+ Kh7 45. h5 $18
{[%csl Rh7][%cal Rd5d8,Rd8h8,Rh8h7]}) 43. Re6 $1 {[%csl Rb6,Gd4,Gd5,Ge6][%cal
Re6h6,Rh6h8,Re6b6] Die weißen Figuren stehen sehr aktiv. Es droht jetzt 44.
Rxh6+ und es hängt der P auf b6.} Kg8 44. Qxb6 $18 {Weiß hat schon zwei Bauern
mehr und er muss dieses Endspiel gewinnen.} (44. Rxb6 $18) 44... Rc4 45. Qb5
Qc7 46. Rd7 Rxb4 47. Qd5 (47. Rxc7 Rxb5 48. Ree7 $16) 47... Qc4 48. Ree7+ $6 {
Dieser Zug gewinnt auch, aber Weiß konnte sofort - ohne weiteres Endspiel -
gewinnen.} (48. Rxg7+ $1 Kxg7 (48... Kh8 49. Rxh6+ Kxg7 50. f6+ $18) 49. Re7+
Rf7 50. f6+ $18) (48. Rg6+ $1 Kh8 49. Rxh6+ gxh6 50. Qe5+ $18) 48... Kh8 (48...
Qxd5 49. Rxg7+ Kh8 50. Rh7+ Kg8 51. Rdg7#) 49. Qxc4 (49. Rxg7 Qf1+ 50. Qg2
Qxf5+ 51. Kh2 Rb6 $16) 49... Rxc4 50. Rxg7 Rxf5 51. Rh7+ Kg8 52. Rdg7+ Kf8 53.
Ra7 {Droht Matt mit 54.Rh8 und nach 54.Ra8 auch.} Kg8 54. Rxh6 {Weiß hat schon
wieder zwei Bauern mehr, jetzt muss er ein Paar Türme tauschen.} Rf7 55. Rh8+
Kg7 56. Rh7+ Kxh7 57. Rxf7+ {Mit zwei verbundenen Bauer mehr hat Weiß eine
theoretische Gewinnstellung und gewöhnlich gibt man als Schwarzer diese
Stellung in Großmeisterturnieren auf.} Kg6 58. Rf4 Rc6 59. Kg4 Kh6 60. Re4 Rg6+
61. Kh3 Ra6 62. Re3 Kg6 63. g4 Rb6 64. Kg3 Ra6 65. h5+ Kh6 (65... Kg5 66. Re5+
$18) 66. Kh4 Ra4 67. Re6+ Kh7 68. h6 Ra1 (68... Ra5 69. g5 $18) 69. Kh5 Ra5+
70. g5 Rb5 71. Re7+ Kh8 72. Kg6 Rb8 (72... Rb6+ 73. Kf5 Rb5+ 74. Kf6 Rb6+ 75.
Re6 $18) 73. Kf6 Rf8+ 74. Rf7 Ra8 75. g6 Kg8 (75... Ra6+ 76. Kg5 Ra5+ 77. Rf5
$18) 76. Rg7+ Kh8 77. Rd7 Re8 78. Kf7 Rg8 79. Rd6 (79. Re7 Rf8+ 80. Ke6 Ra8)
79... Rf8+ {Das ist die letzte "Hoffnung" für Schwarz.} 80. Ke7 (80. Kxf8 $4
$11) 1-0

[Event "FRA-chT poule haute"]
[Site "France"]
[Date "2003.05.10"]
[Round "11.1"]
[White "Van Wely, Loek"]
[Black "Agrest, Evgenij"]
[Result "1-0"]
[WhiteElo "2675"]
[BlackElo "2591"]
[Annotator "Ribli,Z"]
[PlyCount "113"]
[EventDate "2003.05.07"]
[EventType "team"]
[EventRounds "4"]
[EventCountry "FRA"]
[SourceTitle "CBM 095"]
[Source "ChessBase"]
[SourceDate "2003.07.25"]
[SourceVersion "1"]
[SourceVersionDate "2003.07.25"]
[SourceQuality "1"]
[WhiteTeam "Clichy"]
[BlackTeam "Nice"]
[WhiteTeamCountry "FRA"]
[BlackTeamCountry "FRA"]

1. d4 Nf6 2. c4 e6 3. Nf3 d5 4. g3 Nbd7 5. Bg2 c6 6. Qc2 (6. O-O dxc4 $13) 6...
Be7 7. O-O O-O 8. Rd1 (8. Nbd2 b6 9. e4 Bb7 10. e5 Ne8 11. cxd5 cxd5 12. Re1
Rc8 13. Qa4 a5 (13... Nc7 14. Bf1 a5 15. Bd3 Ba6 16. Bb1 Nb5 17. Qb3 Nb8 18.
Nf1 Rc4 19. Qd3 {1-0 Avrukh,B-Filippov,V/Halkidiki 2002/CBM 92 no vc (36)}) 14.
Bf1 Nb8 15. Bd3 Ba6 16. Bb1 Nc6 17. Nf1 Bb4 18. Bd2 f5 19. Qd1 Be7 20. h4 {
1-0 Filippov,V-Portisch,L/Halkidiki 2002/CBM 92 no vc (54)}) 8... b6 {Wir
haben eine Grundstellung der Geschlossenen Variante der Katalanischen
Eroeffnung vor uns. Schwarz moechte die Entwicklung des Damenfluegels beenden
und den Befreiungszug c6-c5 vorbereiten.} (8... Ne4 $5 {Mit diesem Springerzug
und mit spaeterem f7-f5 Schwarz kann eine sogennante Steinwandstellung
erreichen.}) 9. Nbd2 (9. b3) 9... Bb7 10. e4 Rc8 11. e5 {Mit diesem Zug Weiss
bekommt Raumvorteil im Zentrum.} (11. b3) 11... Ne8 12. cxd5 {Dieser
Bauerntausch ist logisch - auf diese Weise verhindert Weiss die Moeglichkeit
c6-c5, wonach der b7B aktiv waere.} (12. Nf1 dxc4 13. Qxc4 Nc7 14. h4 Nd5 15.
Bg5 h6 16. Bxe7 Qxe7 17. N1d2 c5 18. Qe2 cxd4 19. Nxd4 Nc5 20. Ne4 {1/2-1/2
Raicevic,M-Mirkovic,S/Belgrade 1984/MCL (20)}) (12. b3 c5 13. Bb2 cxd4 14. Nxd4
Nxe5 15. Nxe6 fxe6 16. Bxe5 Bc5 17. Ne4 Qe7 18. Nxc5 Rxc5 19. Bb2 $14 {0-1
Bernasek,J-Baramidze,D/Balatonlelle 2002/CBM 88 ext (49)}) 12... cxd5 (12...
exd5 $6 13. Nf1 $14) 13. Qb1 (13. Qd3 Nc7 14. h4 f5 15. exf6 Bxf6 16. Qe3 Qe7
17. Ne5 Bxe5 18. dxe5 Rf5 19. f4 Rcf8 20. Nf3 h6 {1-0 Tomaszewski,
R-Paszkiewicz,T/Polanica Zdroj 1999/EXT 2001 (20)}) 13... Qc7 {[%cal Gc7c2]}
14. Nf1 Qc2 $11 {Schwarz hat aktives Spiel am Damenfluegel und eine feste
Stellung. Der e8N steht schwach, aber Schwarz kann das mit Nc7 verbessern.} 15.
Qxc2 Rxc2 16. h4 Nc7 $6 (16... h6 $5 $11 {Auf diese Weise kann Schwarz den
Lauferzug Bg5 verhindern.}) 17. Ne1 Rc6 18. Bg5 {[%mdl 32] Weiss moechte den
dunkelfarbige Laufer tauschen, was eine gute positionelle Idee ist, weil nach
dem Laufertausch die dunkelfarbigen Punkte in der schwarze Stellung anfällig
werden.} f6 (18... Bxg5 19. hxg5 $14) 19. exf6 gxf6 (19... Nxf6 20. Nd3 $14 {
[%cal Gd3e5]}) (19... Bxf6 20. Ne3 $14) 20. Bh6 Rc8 21. Ne3 $14 {[%csl Ge3,Gh6]
[%cal Gg2b7] Weiss hat aktives Figurenspiel, Schwarz hat Probleme mit der
Figurenkoordination.} b5 (21... Ne8 22. Nxd5 exd5 23. Bxd5+ Kh8 24. Bxc6 Bxc6
25. Rac1 $14) 22. Nd3 {[%cal Gd3c5,Gd3f4]} b4 23. Nf4 Nb6 (23... Kf7 24. Bf3
$14 {[%cal Gf3h5,Gh5f7]}) 24. Re1 {[%csl Re6][%cal Ge1e6]} Re8 (24... Bd6 $5
25. Bh3 Kf7) 25. Bf3 Bd6 26. Rad1 Re7 (26... Nc4 27. Nexd5 $1 $18) 27. Rd2 $6 (
27. b3 $14) 27... Ba6 (27... b3 $5 {[%cal Rd6b4,Rb4e1]} 28. Ra1 (28. a3 Ba6
$132) 28... bxa2 29. Rxa2 Nb5 30. Rd1) 28. b3 Rc3 29. Bg4 Rc6 (29... Kf7) 30.
Rdd1 Bb5 31. Rc1 Rc3 $2 (31... a5 32. Rxc6 Bxc6 33. Nxe6 $16) (31... Rxc1 32.
Rxc1 Bd7) 32. Rxc3 bxc3 {[#]} 33. Nxe6 $1 $16 {[%mdl 64] Mit diesem schoenen
Zug gewinnt Weiss einen Bauern.} Bd7 (33... Rxe6 34. Bxe6+ Nxe6 35. Nf5 {
[%csl Rd6,Re6]} Ba3 36. Rxe6 c2 37. Rxf6 c1=Q+ (37... Bd3 38. g4 c1=Q+ 39. Bxc1
Bxc1 40. a4 $18) 38. Bxc1 Bxc1 39. a4 $18) (33... Nxe6 34. Nf5 {[%csl Rd6,Re6,
Re7][%cal Re1e7]} Nxd4 35. Nxe7+ Kh8 36. Nf5 $16) 34. Nxc7 $1 Bxg4 35. Nb5 {
[%cal Rb5d6,Rb5c3]} Bb4 36. Rc1 (36. a3 $6 Bd7 (36... c2 37. axb4 Bd1 38. Nxc2
$18) 37. axb4 Bxb5 $14) 36... Bf3 37. a3 (37. Nxc3 Rc7 38. Ne2 Rxc1+ 39. Nxc1
$16) 37... a6 38. axb4 axb5 39. Rxc3 {Weiss hat zwei Bauern mehr. Er hat zwar
einen Doppelbauern auf der b-Linie, steht aber auf Gewinn.} Ra7 {[%cal Ra7a1,
Ra1g1]} 40. g4 {[%cal Gg1h2,Gh2g3] Weiss macht Platz fuer den Koenig auf g3
und f4.} Be4 41. Kh2 Kf7 42. Kg3 Ra3 43. f3 Bb1 44. h5 Ke8 45. Bg7 Na4 (45...
Kf7 46. Rc7+ $18) 46. Rc1 (46. Rc7 $18) 46... Rxb3 47. Nxd5 $18 f5 48. Re1+ Kd7
49. g5 {[%csl Gg5,Gh5] Die weisse Bauernmehrheit am Koenigsfluegel entscheidet
die Partie.} Kd6 50. Nf6 Nc3 51. Bf8+ Kc7 52. Kf4 Bd3 53. g6 (53. Re7+ $18)
53... hxg6 54. hxg6 Ne2+ 55. Ke5 Bc4 56. Rxe2 Bxe2 57. Nd5+ 1-0